| 000 | 00625nam a2200229 a 4500 | ||
|---|---|---|---|
| 001 | 087603 | ||
| 003 | BD-ChCU | ||
| 005 | 20230204165815.0 | ||
| 008 | 012s20160303 aenk b 001 eng | ||
| 020 | _a978 81 321 0691 3 | ||
| 040 |
_aDLC _cDLC _dBD-ChCU |
||
| 082 | 0 | 0 | _a327/I61 |
| 100 |
_a _b |
||
| 245 |
_aInternational politics: _bconcepts,theories and issues _c |
||
| 250 | _aed | ||
| 260 |
_aSag _cLondon _ 2012 |
||
| 300 | _a526pg. | ||
| 504 | _aIncludes index (P.514-526)and bibliographyand Glossary | ||
| 650 | 0 |
_aInternational relations _c International relations |
|
| 700 | 1 | _aBasu, Rumki. | |
| 942 |
_2ddc _cBK |
||
| 999 |
_c87603 _d87603 |
||